[Event "GBR-ch 111th"]
[Site "Liverpool"]
[Date "2025.08.08"]
[Round "7.5"]
[White "Wadsworth, Matthew J"]
[Black "Royal, Shreyas"]
[Result "0-1"]
[WhiteElo "2483"]
[BlackElo "2495"]
[PlyCount "120"]
[EventDate "2025.08.02"]
[EventType "swiss"]
[EventRounds "9"]
[EventCountry "GBR"]
[SourceTitle "BritBase"]
[Source "John Saunders"]
[SourceDate "2025.08.11"]
[SourceVersion "1"]
[SourceVersionDate "2025.08.11"]
[SourceQuality "1"]

1. c4 Nf6 2. g3 c5 3. Bg2 d5 4. cxd5 Nxd5 5. Nc3 Nc7 6. Nf3 Nc6 7. a3 g6 8. h4 Bg4 9. Ng5 Bg7 10. Bxc6+ bxc6 11. Qa4 Qd7 12. f3 Bf5 13. g4 Be6 14. h5 Bd5 15. Nxd5 Qxd5 16. d3 Nb5 17. Qc4 Nd6 18. Qxd5 cxd5 19. Rb1 O-O 20. hxg6 hxg6 21. e4 Rab8 22. exd5 Rb3 23. Ke2 Rfb8 24. Ne4 Nb5 25. Be3 Nxa3 26. bxa3 Rxb1 27. Rxb1 Rxb1 28. Bxc5 Rb7 29. f4 Rd7 30. g5 f5 31. gxf6 exf6 32. Nc3 Kf7 33. d4 f5 34. a4 a6 35. a5 Bf8 36. Kd3 Bd6 37. Bxd6 Rxd6 38. Kc4 Rd8 39. Na4 Rc8+ 40. Nc5 Ke7 41. Kd3 Ra8 42. Kc4 Ra7 43. Ne6 Kd6 44. Nd8 Rd7 45. Nc6 Rc7 46. Kd3 Rb7 47. Kc4 Rb5 48. Nd8 Rb1 49. Nf7+ Ke7 50. Ne5 Rc1+ 51. Kb4 Kd6 52. Nxg6 Kxd5 53. Ne7+ Ke6 54. Ng6 Rg1 55. Ne5 Kd5 56. Kc3 Rg3+ 57. Kb4 Kxd4 58. Nc6+ Kd5 59. Ne7+ Ke4 60. Kc5 Rb3 0-1

[Event "GBR-ch 111th"]
[Site "Liverpool"]
[Date "2025.08.08"]
[Round "7.6"]
[White "Gordon, Stephen J"]
[Black "Mahadevan, Siva"]
[Result "1/2-1/2"]
[WhiteElo "2469"]
[BlackElo "2416"]
[PlyCount "99"]
[EventDate "2025.08.02"]
[EventType "swiss"]
[EventRounds "9"]
[EventCountry "GBR"]
[SourceTitle "BritBase"]
[Source "John Saunders"]
[SourceDate "2025.08.11"]
[SourceVersion "1"]
[SourceVersionDate "2025.08.11"]
[SourceQuality "1"]

1. c4 c6 2. Nf3 d5 3. e3 Nf6 4. Nc3 e6 5. b3 Bd6 6. Bb2 O-O 7. d4 Nbd7 8. Be2 b6 9. O-O Bb7 10. Bd3 Qe7 11. Re1 Rad8 12. e4 dxe4 13. Nxe4 Ba3 14. Bc3 Nxe4 15. Bxe4 Rfe8 16. Qd2 a5 17. Qf4 Bb4 18. Rac1 Nf6 19. Bxb4 axb4 20. c5 bxc5 21. Rxc5 Ra8 22. Qd2 Nxe4 23. Rxe4 Red8 24. Qxb4 Rxa2 25. Re1 Rda8 26. Qc3 h6 27. h3 Qf6 28. Qb4 R8a7 29. Qb6 Kh7 30. Qb4 Rb2 31. Qc3 Raa2 32. Qe3 g5 33. Rcc1 Qf4 34. Qxf4 gxf4 35. Ra1 Rxf2 36. Rxa2 Rxa2 37. Re4 Rb2 38. Rxf4 f5 39. g4 Rxb3 40. gxf5 exf5 41. Rxf5 c5 42. Nd2 Rg3+ 43. Kf2 Rg2+ 44. Ke1 cxd4 45. Rf7+ Rg7 46. Rxg7+ Kxg7 47. Nb3 d3 48. Nc5 Bc8 49. Nxd3 Bxh3 50. Kf2 1/2-1/2

[Event "GBR-ch 111th"]
[Site "Liverpool"]
[Date "2025.08.08"]
[Round "7.7"]
[White "Eggleston, David J"]
[Black "Conquest, Stuart C"]
[Result "0-1"]
[WhiteElo "2348"]
[BlackElo "2511"]
[PlyCount "96"]
[EventDate "2025.08.02"]
[EventType "swiss"]
[EventRounds "9"]
[EventCountry "GBR"]
[SourceTitle "BritBase"]
[Source "John Saunders"]
[SourceDate "2025.08.11"]
[SourceVersion "1"]
[SourceVersionDate "2025.08.11"]
[SourceQuality "1"]

1. e4 g6 2. d4 Bg7 3. Nf3 d6 4. Nc3 a6 5. a4 Nf6 6. h3 O-O 7. Be3 Nc6 8. Bc4 e6 9. Qd2 b6 10. O-O Bb7 11. Bh6 d5 12. Bxg7 Kxg7 13. exd5 exd5 14. Bd3 Qd6 15. b3 Rfe8 16. Ne2 Rad8 17. Qf4 Qxf4 18. Nxf4 Ne4 19. Ne2 Nb4 20. Rfd1 a5 21. c3 Nxd3 22. Rxd3 Ba6 23. Re3 g5 24. Nc1 f6 25. Na2 Kf7 26. Rd1 Nxf2 27. Nxg5+ Kg6 28. Rde1 Rxe3 29. Rxe3 Nd1 30. Ne6 Nxe3 31. Nxd8 Kf5 32. b4 Bc4 33. bxa5 bxa5 34. Nc1 Nd1 35. Nc6 Nxc3 36. Nxa5 Nxa4 37. Kf2 Ke4 38. Nc6 Nc3 39. g4 Nb5 40. Nb8 Kxd4 41. Nd7 Nd6 42. Nxf6 Ne4+ 43. Nxe4 Kxe4 44. Ke1 Kf4 45. Kf2 c5 46. Kg2 d4 47. Kf2 h6 48. Ke1 Kg3 0-1

[Event "GBR-ch 111th"]
[Site "Liverpool"]
[Date "2025.08.08"]
[Round "7.8"]
[White "Flear, Glenn C"]
[Black "Bazakutsa, Svyatoslav"]
[Result "1/2-1/2"]
[WhiteElo "2358"]
[BlackElo "2481"]
[PlyCount "46"]
[EventDate "2025.08.02"]
[EventType "swiss"]
[EventRounds "9"]
[EventCountry "GBR"]
[SourceTitle "BritBase"]
[Source "John Saunders"]
[SourceDate "2025.08.11"]
[SourceVersion "1"]
[SourceVersionDate "2025.08.11"]
[SourceQuality "1"]

1. d4 Nf6 2. c4 g6 3. Nc3 Bg7 4. e4 d6 5. Be2 O-O 6. Bg5 c5 7. d5 h6 8. Be3 e6 9. dxe6 Bxe6 10. Qd2 Qa5 11. Bxh6 Bxh6 12. Qxh6 Nxe4 13. Rc1 Nxc3 14. Rxc3 Qxa2 15. Qc1 Qa5 16. h4 Nc6 17. h5 Kg7 18. hxg6 fxg6 19. Qh6+ Kf6 20. Qh4+ Kf7 21. Qh7+ Kf6 22. Qh4+ Kf7 23. Qh7+ Kf6 1/2-1/2

[Event "GBR-ch 111th"]
[Site "Liverpool"]
[Date "2025.08.08"]
[Round "7.9"]
[White "Mirzoeva, Elmira"]
[Black "Willow, Jonah B"]
[Result "1/2-1/2"]
[WhiteElo "2282"]
[BlackElo "2459"]
[PlyCount "84"]
[EventDate "2025.08.02"]
[EventType "swiss"]
[EventRounds "9"]
[EventCountry "GBR"]
[SourceTitle "BritBase"]
[Source "John Saunders"]
[SourceDate "2025.08.11"]
[SourceVersion "1"]
[SourceVersionDate "2025.08.11"]
[SourceQuality "1"]

1. d4 Nf6 2. Nf3 g6 3. Nc3 Bg7 4. e4 d6 5. Be2 O-O 6. O-O c6 7. a4 Qc7 8. h3 e5 9. Be3 exd4 10. Bxd4 Re8 11. Bd3 Nbd7 12. Re1 b6 13. Qd2 Bb7 14. Be3 a6 15. Bf4 Rad8 16. Rad1 b5 17. axb5 axb5 18. b4 Ne5 19. Be2 Nfd7 20. Bg5 Nxf3+ 21. Bxf3 Ra8 22. Ne2 Bf8 23. Nd4 Nb6 24. Bf6 Nd7 25. Bg5 Ra3 26. h4 Bg7 27. Nb3 Be5 28. Be2 Nb6 29. f4 Bg7 30. Qxd6 Qxd6 31. Rxd6 Bc3 32. Red1 Bxb4 33. Rd8 Ra8 34. Rxa8 Bxa8 35. Rd8 Rxd8 36. Bxd8 Na4 37. e5 Kf8 38. Bf3 Ke8 39. Ba5 Be7 40. g3 f6 41. exf6 Bxf6 42. Kf2 Kd7 1/2-1/2

[Event "GBR-ch 111th"]
[Site "Liverpool"]
[Date "2025.08.08"]
[Round "7.10"]
[White "Fava, Lorenzo"]
[Black "Roberson, Peter T"]
[Result "0-1"]
[WhiteElo "2318"]
[BlackElo "2440"]
[PlyCount "84"]
[EventDate "2025.08.02"]
[EventType "swiss"]
[EventRounds "9"]
[EventCountry "GBR"]
[SourceTitle "BritBase"]
[Source "John Saunders"]
[SourceDate "2025.08.11"]
[SourceVersion "1"]
[SourceVersionDate "2025.08.11"]
[SourceQuality "1"]

1. d4 Nf6 2. Bf4 d5 3. e3 e6 4. Nf3 Bd6 5. Nbd2 O-O 6. Bd3 c5 7. c3 Bxf4 8. exf4 b6 9. O-O Ba6 10. Bxa6 Nxa6 11. a4 cxd4 12. Nxd4 Nc5 13. Qe2 Qd6 14. g3 a6 15. Rfe1 Rfe8 16. N2f3 Nfd7 17. Ne5 f6 18. Nxd7 Qxd7 19. Qg4 a5 20. Rad1 f5 21. Qe2 Nxa4 22. Qb5 Qxb5 23. Nxb5 Nxb2 24. Rb1 Nc4 25. Nc7 Nd2 26. Nxe8 Nxb1 27. Rxb1 Rxe8 28. Rxb6 Ra8 29. Rxe6 a4 30. Re2 a3 31. Ra2 Kf7 32. Kf1 Ke6 33. Ke2 Kd6 34. Kd3 Kc5 35. f3 g6 36. h3 h5 37. g4 h4 38. Ra1 a2 39. Kc2 Kc4 40. Kb2 Rb8+ 41. Kc2 Re8 42. gxf5 gxf5 0-1

[Event "GBR-ch 111th"]
[Site "Liverpool"]
[Date "2025.08.08"]
[Round "7.11"]
[White "Harvey, Marcus R"]
[Black "Wells, Peter K"]
[Result "1-0"]
[WhiteElo "2439"]
[BlackElo "2339"]
[PlyCount "71"]
[EventDate "2025.08.02"]
[EventType "swiss"]
[EventRounds "9"]
[EventCountry "GBR"]
[SourceTitle "BritBase"]
[Source "John Saunders"]
[SourceDate "2025.08.11"]
[SourceVersion "1"]
[SourceVersionDate "2025.08.11"]
[SourceQuality "1"]

1. g3 d5 2. Nf3 Bg4 3. Bg2 c6 4. c4 e6 5. Qb3 Qb6 6. d3 Nd7 7. O-O Ngf6 8. Qc2 dxc4 9. dxc4 Bf5 10. Qb3 Bc5 11. Nc3 Ne4 12. e3 Nxc3 13. Qxc3 O-O 14. Bd2 a5 15. Nh4 Bb4 16. Qc1 Nc5 17. Nxf5 exf5 18. Bc3 Bxc3 19. Qxc3 Rad8 20. Rfd1 Rfe8 21. Bf3 Qb4 22. Qc2 g6 23. Kg2 Qb6 24. Rab1 Rxd1 25. Rxd1 Rd8 26. Rxd8+ Qxd8 27. Qc3 Nd3 28. a3 a4 29. c5 f6 30. e4 fxe4 31. Bxe4 Ne5 32. b4 Qd1 33. b5 Qe2 34. Qb4 Ng4 35. Qd4 Nxf2 36. Bf3 1-0

[Event "GBR-ch 111th"]
[Site "Liverpool"]
[Date "2025.08.08"]
[Round "7.12"]
[White "Pert, Richard G"]
[Black "Kalavannan, Koby"]
[Result "1-0"]
[WhiteElo "2409"]
[BlackElo "2323"]
[PlyCount "133"]
[EventDate "2025.08.02"]
[EventType "swiss"]
[EventRounds "9"]
[EventCountry "GBR"]
[SourceTitle "BritBase"]
[Source "John Saunders"]
[SourceDate "2025.08.11"]
[SourceVersion "1"]
[SourceVersionDate "2025.08.11"]
[SourceQuality "1"]

1. e4 c5 2. Nf3 Nc6 3. Nc3 g6 4. d4 cxd4 5. Nxd4 Bg7 6. Be3 Nf6 7. Bc4 O-O 8. Bb3 Ng4 9. Qxg4 Nxd4 10. Qh4 e6 11. Bg5 f6 12. Be3 f5 13. Qxd8 Rxd8 14. Bxd4 Bxd4 15. O-O-O Bf6 16. f4 Be7 17. Rhe1 Kf7 18. Nb5 fxe4 19. Rxe4 d5 20. Re3 Bd7 21. Nd4 a5 22. a3 Bf6 23. Nf3 Rac8 24. Ne5+ Bxe5 25. Rxe5 Bb5 26. Rd4 b6 27. Kd2 Bf1 28. g3 Kf6 29. c3 Rg8 30. Re1 Bb5 31. Bd1 Rce8 32. h4 h6 33. Rh1 Bc6 34. Bc2 Ke7 35. Re1 Kf6 36. Bd1 Re7 37. Rf1 h5 38. Re1 e5 39. fxe5+ Rxe5 40. Rf4+ Rf5 41. Bc2 Rxf4 42. gxf4 Be8 43. Re5 Bf7 44. Rg5 Rd8 45. f5 gxf5 46. Rxf5+ Ke6 47. Rg5 Kf6 48. Bd1 d4 49. Bxh5 dxc3+ 50. Kxc3 Rc8+ 51. Kd2 Rd8+ 52. Ke3 Rh8 53. Bxf7 Kxf7 54. h5 Rc8 55. Kd4 Rc2 56. Rb5 Rc6 57. Rf5+ Ke6 58. Rg5 Kd7 59. Rg6 Rc5 60. h6 Kc7 61. h7 Rh5 62. Rg7+ Kc6 63. a4 Rh4+ 64. Ke5 b5 65. axb5+ Kxb5 66. Kf6 Kb6 67. Kg5 1-0

[Event "GBR-ch 111th"]
[Site "Liverpool"]
[Date "2025.08.08"]
[Round "7.13"]
[White "Claridge-Hansen, William"]
[Black "Yao, Lan"]
[Result "1-0"]
[WhiteElo "2364"]
[BlackElo "2316"]
[PlyCount "93"]
[EventDate "2025.08.02"]
[EventType "swiss"]
[EventRounds "9"]
[EventCountry "GBR"]
[SourceTitle "BritBase"]
[Source "John Saunders"]
[SourceDate "2025.08.11"]
[SourceVersion "1"]
[SourceVersionDate "2025.08.11"]
[SourceQuality "1"]

1. c4 e6 2. g3 Nf6 3. Bg2 d5 4. Nf3 dxc4 5. Qa4+ c6 6. Qxc4 b5 7. Qb3 Bb7 8. a4 a6 9. O-O Nbd7 10. d4 Be7 11. Rd1 O-O 12. Ne5 Qc8 13. Bg5 h6 14. Nxd7 Qxd7 15. Bxf6 Bxf6 16. Nc3 Qe7 17. Ne4 e5 18. Nxf6+ Qxf6 19. dxe5 Qxe5 20. axb5 axb5 21. Rxa8 Bxa8 22. e3 Qe7 23. h4 Rd8 24. Rxd8+ Qxd8 25. Qa3 Bb7 26. Qa7 Qc7 27. b4 Kf8 28. Kh2 Ke8 29. f4 Kf8 30. e4 f6 31. e5 fxe5 32. fxe5 g5 33. h5 Qf7 34. Kg1 Qd7 35. e6 Qd1+ 36. Bf1 Qd6 37. Kh2 Qe7 38. Qb8+ Kg7 39. Qe5+ Kg8 40. Bh3 c5 41. bxc5 Bf3 42. Qb8+ Kg7 43. Qxb5 Bxh5 44. Qd7 Kf8 45. c6 Bf3 46. c7 Bb7 47. Qd8+ 1-0

[Event "GBR-ch 111th"]
[Site "Liverpool"]
[Date "2025.08.08"]
[Round "7.14"]
[White "Williams, Simon K"]
[Black "Vijayakumar, Rishi"]
[Result "1/2-1/2"]
[WhiteElo "2444"]
[BlackElo "2310"]
[PlyCount "183"]
[EventDate "2025.08.02"]
[EventType "swiss"]
[EventRounds "9"]
[EventCountry "GBR"]
[SourceTitle "BritBase"]
[Source "John Saunders"]
[SourceDate "2025.08.11"]
[SourceVersion "1"]
[SourceVersionDate "2025.08.11"]
[SourceQuality "1"]

1. Nf3 Nf6 2. c4 c5 3. Nc3 Nc6 4. d4 cxd4 5. Nxd4 e6 6. Bf4 d5 7. cxd5 Nxd5 8. Nxc6 bxc6 9. Bd2 Bb4 10. a3 Bxc3 11. bxc3 O-O 12. e4 Nb6 13. a4 Nd7 14. Be2 Nc5 15. Qc2 Qh4 16. Be3 Qxe4 17. Qxe4 Nxe4 18. Bf3 f5 19. O-O Ba6 20. Rfd1 Bc4 21. Bxe4 fxe4 22. Rd6 Bd5 23. h4 a5 24. Rc1 Bb3 25. Rd4 Rfd8 26. Rxe4 Rd1+ 27. Rxd1 Bxd1 28. Bb6 Bc2 29. Rc4 Ra6 30. Bc7 Bb3 31. Rg4 c5 32. h5 h6 33. f3 c4 34. Bf4 Kh7 35. Be5 Ra7 36. Kf2 Bxa4 37. Rxc4 Bb3 38. Rc8 a4 39. Bd4 a3 40. c4 a2 41. Ba1 Rd7 42. Ra8 Bxc4 43. g4 Rd1 44. Be5 Rf1+ 45. Kg3 Rxf3+ 46. Kxf3 Bd5+ 47. Kf4 Bxa8 48. g5 Bg2 49. g6+ Kg8 50. Ke3 Bd5 51. Ba1 Bb3 52. Ke2 Ba4 53. Be5 Bb3 54. Ba1 Kf8 55. Be5 Ba4 56. Kd2 Kg8 57. Ke2 Kf8 58. Kd2 Bb3 59. Ke2 Bc2 60. Ba1 Bb3 61. Be5 Ke7 62. Kd2 Kf8 63. Ke2 Bc4+ 64. Kd2 Kg8 65. Ke3 Bd5 66. Ba1 Kh8 67. Be5 Bc4 68. Kd2 Bb3 69. Ke2 Bc2 70. Ba1 Bf5 71. Kf3 Kg8 72. Be5 Bh3 73. Kg3 Bf1 74. Kf2 Ba6 75. Ke3 Bb7 76. Kf2 Kf8 77. Ke2 Bc6 78. Kf2 Bb7 79. Ke3 Bh1 80. Ke2 Ke7 81. Ke3 Kf8 82. Ke2 Be4 83. Ke3 Bf5 84. Kf3 Bb1 85. Ke2 Bc2 86. Ba1 Ke7 87. Be5 Kd7 88. Kd2 Bf5 89. Kc1 Bg4 90. Kb2 Bxh5 91. Bxg7 Bxg6 92. Bxh6 1/2-1/2

[Event "GBR-ch 111th"]
[Site "Liverpool"]
[Date "2025.08.08"]
[Round "7.15"]
[White "Davies, Nigel R"]
[Black "Makkar, Rajat"]
[Result "0-1"]
[WhiteElo "2291"]
[BlackElo "2406"]
[PlyCount "60"]
[EventDate "2025.08.02"]
[EventType "swiss"]
[EventRounds "9"]
[EventCountry "GBR"]
[SourceTitle "BritBase"]
[Source "John Saunders"]
[SourceDate "2025.08.11"]
[SourceVersion "1"]
[SourceVersionDate "2025.08.11"]
[SourceQuality "1"]

1. d4 Nf6 2. Nf3 d5 3. c4 c6 4. Nc3 e6 5. e3 Nbd7 6. Be2 Bd6 7. O-O O-O 8. b3 b6 9. Bb2 Bb7 10. Bd3 Qe7 11. Re1 c5 12. cxd5 exd5 13. Nb5 Bb8 14. Rc1 Ne4 15. Bf1 Ndf6 16. Ne5 a6 17. Na3 Bd6 18. Nc2 Rfe8 19. f3 Ng5 20. Qd2 h6 21. Red1 Rac8 22. Ne1 b5 23. N1d3 c4 24. Nf4 Bb4 25. Qf2 Rc7 26. h4 Nge4 27. fxe4 Nxe4 28. Qf3 c3 29. Ba1 c2 30. Rd3 Ba3 0-1

[Event "GBR-ch 111th"]
[Site "Liverpool"]
[Date "2025.08.08"]
[Round "7.16"]
[White "Kanyamarala, Tarun"]
[Black "Shearsby, Jude"]
[Result "1-0"]
[WhiteElo "2397"]
[BlackElo "2270"]
[PlyCount "65"]
[EventDate "2025.08.02"]
[EventType "swiss"]
[EventRounds "9"]
[EventCountry "GBR"]
[SourceTitle "BritBase"]
[Source "John Saunders"]
[SourceDate "2025.08.11"]
[SourceVersion "1"]
[SourceVersionDate "2025.08.11"]
[SourceQuality "1"]

1. d4 Nf6 2. c4 g6 3. Nc3 Bg7 4. e4 d6 5. Be2 O-O 6. h4 c5 7. d5 e6 8. h5 exd5 9. exd5 Re8 10. Kf1 Nbd7 11. h6 Bh8 12. Bg5 Ne5 13. Rh4 Qd7 14. Nf3 Neg4 15. Qd2 b5 16. cxb5 Bb7 17. Qf4 Rxe2 18. Nxe2 Bxd5 19. Rd1 Be6 20. Rxd6 Qe8 21. Nc3 Rd8 22. Kg1 Rxd6 23. Qxd6 c4 24. a4 Qa8 25. a5 Nd7 26. Rxg4 Bxg4 27. Nd5 f6 28. Nh2 Bf5 29. Ne7+ Kf7 30. Nxf5 Qe8 31. Qd5+ Kf8 32. Bd2 gxf5 33. Bb4+ 1-0

[Event "GBR-ch 111th"]
[Site "Liverpool"]
[Date "2025.08.08"]
[Round "7.17"]
[White "Waldhausen Gordon, Frederick"]
[Black "Chopra, Manmay"]
[Result "1-0"]
[WhiteElo "2393"]
[BlackElo "2188"]
[PlyCount "83"]
[EventDate "2025.08.02"]
[EventType "swiss"]
[EventRounds "9"]
[EventCountry "GBR"]
[SourceTitle "BritBase"]
[Source "John Saunders"]
[SourceDate "2025.08.11"]
[SourceVersion "1"]
[SourceVersionDate "2025.08.11"]
[SourceQuality "1"]

1. e4 e5 2. Nf3 Nc6 3. Bb5 a6 4. Ba4 Nf6 5. O-O Be7 6. Re1 b5 7. Bb3 O-O 8. a4 Rb8 9. axb5 axb5 10. d3 d6 11. Nc3 Bg4 12. Be3 Nd4 13. Bxd4 exd4 14. Nd5 Nxd5 15. Bxd5 Bf6 16. b4 Qc8 17. h3 Bh5 18. g4 c6 19. Bb3 Bg6 20. Qd2 c5 21. Bd5 cxb4 22. Ra2 Qc3 23. Rb1 h5 24. Rxb4 Qc5 25. Rab2 Bd8 26. Qf4 Ba5 27. R4b3 Bc3 28. Ra2 Qc7 29. Qg5 Kh8 30. Nh4 Qd8 31. Qxd8 Rfxd8 32. Ra7 hxg4 33. hxg4 Bh7 34. Bxf7 Bg8 35. Bxg8 Rxg8 36. Nf5 Ra8 37. Rxa8 Rxa8 38. Rxb5 Ra2 39. Rd5 Rxc2 40. Nxd4 Rd2 41. Nc6 Bf6 42. g5 1-0

[Event "GBR-ch 111th"]
[Site "Liverpool"]
[Date "2025.08.08"]
[Round "7.18"]
[White "Stoica, Savas Marin"]
[Black "Badacsonyi, Stanley"]
[Result "1/2-1/2"]
[WhiteElo "2092"]
[BlackElo "2309"]
[PlyCount "68"]
[EventDate "2025.08.02"]
[EventType "swiss"]
[EventRounds "9"]
[EventCountry "GBR"]
[SourceTitle "BritBase"]
[Source "John Saunders"]
[SourceDate "2025.08.11"]
[SourceVersion "1"]
[SourceVersionDate "2025.08.11"]
[SourceQuality "1"]

1. e4 e6 2. d4 d5 3. Nc3 Nf6 4. Bg5 dxe4 5. Nxe4 Be7 6. Bxf6 gxf6 7. Nc3 a6 8. g3 Nc6 9. Nge2 Qd6 10. Bg2 f5 11. Qd2 Bd7 12. O-O-O O-O-O 13. Rhe1 Na7 14. Qe3 Kb8 15. Kb1 Rhe8 16. Qh6 Qb6 17. Ka1 Nc8 18. Nc1 Bb4 19. Nd3 Bxc3 20. bxc3 Qa5 21. Qd2 Nb6 22. Nc5 Bc8 23. Nb3 Qa3 24. Qc1 Qd6 25. Bf3 f6 26. Rd3 Nc4 27. Nd2 Nxd2 28. Qxd2 c5 29. Qf4 Qxf4 30. gxf4 b6 31. dxc5 bxc5 32. Rg1 e5 33. Bd5 Re7 34. c4 Kc7 1/2-1/2

[Event "GBR-ch 111th"]
[Site "Liverpool"]
[Date "2025.08.08"]
[Round "7.19"]
[White "Hunt, Harriet V"]
[Black "Adams, Henry"]
[Result "0-1"]
[WhiteElo "2294"]
[BlackElo "2114"]
[PlyCount "80"]
[EventDate "2025.08.02"]
[EventType "swiss"]
[EventRounds "9"]
[EventCountry "GBR"]
[SourceTitle "BritBase"]
[Source "John Saunders"]
[SourceDate "2025.08.11"]
[SourceVersion "1"]
[SourceVersionDate "2025.08.11"]
[SourceQuality "1"]

1. e4 e5 2. Nf3 Nc6 3. Bb5 a6 4. Ba4 Nf6 5. O-O Be7 6. d3 b5 7. Bb3 d6 8. c3 O-O 9. Re1 Na5 10. Bc2 c5 11. Nbd2 Nc6 12. Nf1 h6 13. a4 Be6 14. Ng3 Re8 15. h3 b4 16. d4 cxd4 17. cxd4 exd4 18. Nxd4 Nxd4 19. Qxd4 Qc7 20. Bd3 Qc5 21. Be3 Nd7 22. Rac1 Qxd4 23. Bxd4 Nc5 24. Bxc5 dxc5 25. e5 Red8 26. Be4 Ra7 27. Nf5 Bf8 28. Re3 Rad7 29. Rg3 Kh8 30. f4 Rd1+ 31. Rxd1 Rxd1+ 32. Kh2 g6 33. Ne3 Rd2 34. f5 gxf5 35. Bxf5 Bxf5 36. Nxf5 Rxb2 37. Rd3 Bg7 38. Rd5 Rc2 39. Nd6 Kg8 40. Ne4 b3 0-1

[Event "GBR-ch 111th"]
[Site "Liverpool"]
[Date "2025.08.08"]
[Round "7.20"]
[White "Ledger, Andrew J"]
[Black "Dickenson, Neil F"]
[Result "0-1"]
[WhiteElo "2323"]
[BlackElo "2247"]
[PlyCount "96"]
[EventDate "2025.08.02"]
[EventType "swiss"]
[EventRounds "9"]
[EventCountry "GBR"]
[SourceTitle "BritBase"]
[Source "John Saunders"]
[SourceDate "2025.08.11"]
[SourceVersion "1"]
[SourceVersionDate "2025.08.11"]
[SourceQuality "1"]

1. d4 Nf6 2. c4 c5 3. d5 e5 4. Nc3 d6 5. e4 Be7 6. g3 O-O 7. Bg2 Ne8 8. Nge2 g6 9. Bh6 Ng7 10. Qd2 Nd7 11. O-O Nf6 12. h3 Kh8 13. Kh2 Ng8 14. Be3 f5 15. f4 a6 16. fxe5 dxe5 17. Na4 b5 18. Nxc5 f4 19. Bg1 g5 20. Nd3 Bf6 21. c5 Qe8 22. c6 Qh5 23. Bc5 Rf7 24. Ng1 fxg3+ 25. Kxg3 g4 26. Kh2 Nh6 27. Bd6 gxh3 28. Bf3 Bg4 29. Qe2 Rg8 30. Kh1 Ne8 31. Bc5 Rfg7 32. d6 Bxf3+ 33. Nxf3 Rg2 34. Rf2 Ng4 35. Raf1 Nxf2+ 36. Rxf2 Qg4 37. Qf1 Qxe4 38. c7 Qc6 39. c8=Q Qxc8 40. Nfxe5 Qb7 41. Rf3 Qd5 42. d7 Bxe5 43. Nxe5 Qxe5 44. Rxh3 Qxc5 45. Rxh7+ Kxh7 46. Qd3+ R8g6 47. Qh3+ Kg7 48. dxe8=N+ Kf8 0-1

[Event "GBR-ch 111th"]
[Site "Liverpool"]
[Date "2025.08.08"]
[Round "7.21"]
[White "Clarke, Brandon Gi"]
[Black "Kovalskyi, Roman"]
[Result "1-0"]
[WhiteElo "2491"]
[BlackElo "2180"]
[PlyCount "89"]
[EventDate "2025.08.02"]
[EventType "swiss"]
[EventRounds "9"]
[EventCountry "GBR"]
[SourceTitle "BritBase"]
[Source "John Saunders"]
[SourceDate "2025.08.11"]
[SourceVersion "1"]
[SourceVersionDate "2025.08.11"]
[SourceQuality "1"]

1. e4 c6 2. d4 d5 3. e5 c5 4. dxc5 e6 5. a3 Bxc5 6. Qg4 Ne7 7. b4 h5 8. Qxg7 Rg8 9. Qf6 Bd4 10. c3 Qc7 11. Ne2 Bxe5 12. Qf3 Nd7 13. Nd2 Bh8 14. Nd4 e5 15. Nb5 Qc6 16. a4 a6 17. Ra3 b6 18. Bd3 axb5 19. axb5 Qb7 20. Nc4 dxc4 21. Be4 Rxa3 22. Bxb7 e4 23. Qxe4 f5 24. Qf3 Rxc3 25. Be3 f4 26. Bxc8 fxe3 27. Bxd7+ Kxd7 28. O-O exf2+ 29. Qxf2 Rd3 30. Kh1 Rd4 31. Re1 Rgg4 32. Qf3 Ke8 33. h3 Rg5 34. Qa8+ Rd8 35. Qc6+ Kf7 36. Qe6+ Kg7 37. Qxe7+ Kh6 38. Re6+ Rg6 39. Rxg6+ Kxg6 40. Qxd8 Bg7 41. Qxb6+ Bf6 42. Qc5 c3 43. b6 h4 44. b7 Kf7 45. b8=Q 1-0

[Event "GBR-ch 111th"]
[Site "Liverpool"]
[Date "2025.08.08"]
[Round "7.22"]
[White "Sedykh, Mikhail"]
[Black "Hebden, Mark L"]
[Result "0-1"]
[WhiteElo "2159"]
[BlackElo "2347"]
[PlyCount "92"]
[EventDate "2025.08.02"]
[EventType "swiss"]
[EventRounds "9"]
[EventCountry "GBR"]
[SourceTitle "BritBase"]
[Source "John Saunders"]
[SourceDate "2025.08.11"]
[SourceVersion "1"]
[SourceVersionDate "2025.08.11"]
[SourceQuality "1"]

1. b3 e5 2. Bb2 d6 3. e4 Nf6 4. Nc3 Be7 5. d4 O-O 6. Nf3 Nbd7 7. Be2 c6 8. a4 Re8 9. O-O Bf8 10. dxe5 dxe5 11. Bc4 h6 12. a5 Qc7 13. Qe2 Nc5 14. Rfd1 Bg4 15. h3 Bh5 16. Qe3 Bg6 17. Nh4 Bh7 18. Nf5 Ne6 19. Ne2 Bc5 20. Nxh6+ gxh6 21. Qxh6 Nxe4 22. Rd3 Bf8 23. Qh5 Bg6 24. Qg4 Bg7 25. Re3 Nd2 26. Bxe6 Rxe6 27. Ng3 Rd8 28. h4 Bxc2 29. Nh5 Rg6 30. Qe2 Bh8 31. Nf4 exf4 32. Re8+ Kh7 33. Rxd8 Bxb2 34. Qxd2 Bf5 35. h5 Rg5 36. Rd1 Be5 37. Ra8 Be4 38. f3 Bd5 39. Rxa7 Qe7 40. Qd3+ Kg7 41. Kf1 Rxh5 42. Ra8 Bf6 43. g4 fxg3 44. Kg2 Rh2+ 45. Kxg3 Be5+ 46. f4 Qh4# 0-1

[Event "GBR-ch 111th"]
[Site "Liverpool"]
[Date "2025.08.08"]
[Round "7.23"]
[White "Richardson, John R"]
[Black "Fellowes, Billy"]
[Result "1/2-1/2"]
[WhiteElo "2246"]
[BlackElo "2122"]
[PlyCount "55"]
[EventDate "2025.08.02"]
[EventType "swiss"]
[EventRounds "9"]
[EventCountry "GBR"]
[SourceTitle "BritBase"]
[Source "John Saunders"]
[SourceDate "2025.08.11"]
[SourceVersion "1"]
[SourceVersionDate "2025.08.11"]
[SourceQuality "1"]

1. e4 c6 2. d4 d5 3. e5 Bf5 4. h4 h5 5. Bd3 Bxd3 6. Qxd3 e6 7. Bg5 Qb6 8. Nd2 Ne7 9. Ngf3 Qa6 10. c4 Nd7 11. O-O Nf5 12. a3 Be7 13. Bxe7 Nxe7 14. b4 O-O 15. Rfc1 dxc4 16. Nxc4 Nb6 17. Qb3 Nxc4 18. Rxc4 Rad8 19. a4 Nf5 20. Qc3 Rd5 21. a5 Qb5 22. a6 bxa6 23. Rxc6 Nxd4 24. Nxd4 Rxd4 25. Qxd4 Qxc6 26. Qxa7 Qb5 27. Qxa6 Qxb4 28. g3 1/2-1/2